Bonae fidei interpretatio: ricerche sull'interpretazione di buona fede fra esperienza romana e tradizione romanistica
Uloženo v:
| Hlavní autor: | |
|---|---|
| Médium: | Kniha |
| Jazyk: | italština |
| Vydáno: |
Nápoles
Jovene
2004
|
| Edice: | Memorie del Dipartimento di Scienze Giuridiche, 21
|
| Témata: | |
| Tagy: |
Přidat tag
Žádné tagy, Buďte první, kdo vytvoří štítek k tomuto záznamu!
|
MARC
| LEADER | 00000nam a2200000 a 4500 | ||
|---|---|---|---|
| 001 | UCK1110 | ||
| 003 | CL-VaPUC | ||
| 008 | 041105e20040000IT |||||||||||||||||ita|d | ||
| 020 | |a 8824315178 | ||
| 082 | 0 | 4 | |a 340.54 |b STO |2 21 |
| 100 | |a Stolfi, Emanuele |e autore |9 488955 | ||
| 245 | 1 | 0 | |a Bonae fidei interpretatio: ricerche sull'interpretazione di buona fede fra esperienza romana e tradizione romanistica |
| 300 | |a 339 p | ||
| 942 | |c BK | ||
| 945 | |d 20041105 00:00:00 |a cmena | ||
| 260 | |a Nápoles |b Jovene |c 2004 | ||
| 650 | 0 | |a Derecho romano |9 255930 | |
| 650 | 0 | |a Buena fe |9 383961 | |
| 650 | 7 | |a INTERPRETACION DEL DERECHO |2 CL-VaPUC |9 488956 | |
| 650 | 0 | |a Contratos |9 255153 | |
| 583 | |a last modification |c 20041105 00:00:00 |k Rodrigo Vera | ||
| 490 | 0 | |a Memorie del Dipartimento di Scienze Giuridiche, 21 | |
| 999 | |c 311208 |d 311206 | ||
| 952 | |0 0 |1 0 |4 0 |6 340_540000000000000_STO_2004 |7 0 |8 DER_HIS |9 380517 |a BIBDER |b BIBDER |d 2019-11-21 |i 4065042 |o 340.54 STO 2004 |p 4065042 |r 2023-01-25 |w 2019-11-21 |x Ubicación 4to Piso |y BK |z Estos recursos deben solicitarse con anticipación |k DER | ||